Inorganic laboratory preparations
Uloženo v:
| Hlavní autor: | |
|---|---|
| Médium: | Kniha |
| Jazyk: | angličtina |
| Vydáno: |
New York, USA
Chemical Publishing
1962
|
| Témata: | |
| Tagy: |
Přidat tag
Žádné tagy, Buďte první, kdo vytvoří štítek k tomuto záznamu!
|
MARC
| LEADER | 00000nam a2200000 a 4500 | ||
|---|---|---|---|
| 001 | UCL4350 | ||
| 003 | CL-VaPUC | ||
| 005 | 20211112074532.0 | ||
| 008 | 040109e19620000US |||||||||||||||||eng|d | ||
| 999 | |c 307220 |d 307218 | ||
| 040 | |c Pontificia Universidad Católica de Valparaíso | ||
| 082 | 0 | 4 | |a 542.3 SCH 1962 |2 21 |
| 100 | 0 | |a Schlessinger, Gert G |9 481872 | |
| 245 | 1 | 0 | |a Inorganic laboratory preparations |
| 260 | |a New York, USA |b Chemical Publishing |c 1962 | ||
| 300 | |a 294 páginas | ||
| 583 | |a last modification |c 20040109 00:00:00 |k Rodrigo Vera | ||
| 650 | 0 | |a Química inorgánica |9 260154 | |
| 650 | 7 | |a EXPERIMENTOS CIENTIFICOS |2 CL-VaPUC |9 320167 | |
| 650 | 0 | |a Compuestos químicos |9 405634 | |
| 942 | |c BK |2 ddc | ||
| 945 | |d 20040109 00:00:00 |a cmena | ||
| 952 | |0 0 |1 0 |2 ddc |4 0 |6 542_300000000000000_SCH_1962 |7 0 |8 A |9 372978 |a BIBCUR |b BIBCUR |d 2019-11-21 |i 2086921 |o 542.3 SCH 1962 |p 2086921 |r 2025-04-22 |t 1 |w 2019-11-21 |y BK |k BIO | ||